Operation and modeling of the MOS transistor (Record no. 3949)

000 -LEADER
fixed length control field 00577nam a2200205 a 4500
001 - CONTROL NUMBER
control field 3949
003 - CONTROL NUMBER IDENTIFIER
control field BD-DhUET
008 - FIXED-LENGTH DATA ELEMENTS--GENERAL INFORMATION
fixed length control field 031117s1999 nyua b 001 0 eng
020 ## - INTERNATIONAL STANDARD BOOK NUMBER
International Standard Book Number 0071167919
040 ## - CATALOGING SOURCE
Original cataloging agency DLC
Transcribing agency DLC
Modifying agency BD-DhUET
082 00 - DEWEY DECIMAL CLASSIFICATION NUMBER
Classification number 623.815284
Item number TSI/1999
100 ## - MAIN ENTRY--PERSONAL NAME
Personal name Tsividis, Yannis
245 10 - TITLE STATEMENT
Title Operation and modeling of the MOS transistor
250 ## - EDITION STATEMENT
Edition statement 2nd ed.
260 ## - PUBLICATION, DISTRIBUTION, ETC. (IMPRINT)
Place of publication, distribution, etc. New York
Name of publisher, distributor, etc. Oxford University Press
Date of publication, distribution, etc. 1999
300 ## - PHYSICAL DESCRIPTION
Extent xx, 620p.
Other physical details ill.
504 ## - BIBLIOGRAPHY, ETC. NOTE
Bibliography, etc Includes bibliographies
650 #0 - SUBJECT ADDED ENTRY--TOPICAL TERM
Topical term or geographic name as entry element Metal oxide semiconductors - Mathematical models
942 ## - ADDED ENTRY ELEMENTS (KOHA)
Koha item type General Book
Holdings
Koha normalized classification for sorting Piece designation (barcode) Price effective from Koha date last borrowed Shelving location Koha item type Date acquired Koha full call number Sublocation or collection (holding branch) Koha issues (times borrowed) Withdrawn status Source of classification or shelving scheme Damaged status Lost status Koha date last seen Location (home branch) Not for loan Copy number
623_000000000000000_8152TSI199930072014-11-092017-10-23Circulation sectionGeneral Book2014-11-09623.8152/TSI/1999 Central Library, BUET1    2020-12-05Central Library, BUET 1
623_815200000000000_TSI_1999930102014-12-02 Circulation sectionGeneral Book2014-12-02623.8152/TSI/1999Central Library, BUET     2014-12-02Central Library, BUET 2
623_815284000000000_TSI_1999930052015-06-25 Reading sectionReading Item2015-06-25623.815284/TSI/1999Central Library, BUET     2015-06-25Central Library, BUET 3
623_815284000000000_TSI_1999930092017-10-31 Circulation sectionGeneral Book1999-04-12623.815284/TSI/1999Central Library, BUET     2017-10-31Central Library, BUET 4